| 000 | 00439 a2200157 4500 | ||
|---|---|---|---|
| 999 |
_c6048 _d6048 |
||
| 020 | _a9781779031693 | ||
| 050 | _aQA135.5 TAM 2005 | ||
| 100 |
_aLogan, M _eauthor |
||
| 245 |
_aStep in new primary maths: _bGrade 7 pupils book / _cMLogan and C Tambara |
||
| 264 |
_aHarare: _bLongman., _c2001 |
||
| 300 | _a236 pages | ||
| 500 | _alncludes index | ||
| 650 |
_amathematics _xGrade 7 |
||
| 700 | _aTambara, C | ||
| 942 |
_2lcc _cBK _h135.5 _iTAM _kQA |
||